1404 1149 1393 1388 1956 1080 1957 1667 1502 1980 1970 1249 1098 1985 1829 1962 1374 1145 1985 1101 1426 1058 1045 1865 1442 1562 1111 1597 1482 1846 1105 1543 1919 1245 1221 1844 1529 1029 1627 1122 1738 1479 1497 1058 1658 1288 1711 1241 1521 1532 1834 1390 1277 1938 1313 1973 1745 1900 1528 1220 1861 1949 1340 1200 1677 1604 1108 1874 1412 1289 1872 1777 1713 1858 1634 1427 1586 1066 1565 1788 2000 1754 1384 1494 1439 1523 1045 1927 1976 2000 1862 1105 1802 1374 1438 1609 1553 1546 1990 BCNSPRNW ULIB Ver.6.0+V

เปลี่ยนเป็นภาษาไทย

Change to English
 แสดงรายละเอียดบรรณานุกรม
  กลับหน้าหลัก

Brief Record : Get Marc (ISO 2709) : E-mail record : QR code < ปิดหน้าต่าง
LEADER : 00000nam 2200000uu 4500
001    13399122858
003     ULIB
008    131022s2555||||th 000 0 tha d
020    ^a9789742473792
050  4 ^aDS520^bป533ร
100    ^aปัทมาพร คำโท
245    ^aเราคืออาเซียน--ลาว/^cปัทมาพร คำโท
250    ^aพิมพ์ครั้งที่ 4
260    ^aกรุงเทพฯ :^bอมรินทร์คอมมิกส์,^c2555
300    ^a55 หน้า
440  0 ^aชุด เราคืออาเซียน
650  7 ^aประชาคมอาเซียน
650  7 ^aอาเซียน
650  7 ^aลาว
945    ^p75^l0^i034079
999    ^aทศพร
รายการนี้ยังไม่มีแท็ก
คุณยังไม่ได้ล็อกอิน คุณสามารถมีกิจกรรมร่วมกับเว็บไซต์ได้ แต่ต้องล็อกอินก่อน ::
  ล็อกอิน

รายการสื่อสารสนเทศ

ลำดับที่ ประเภท เลขเรียก/บาร์โค้ด สถานที่ สถานะ
1. การศึกษาทั่วไป
หนังสือสำรอง
สถานะ=หนังสือสำรอง
DS520 ป533ร ฉ.1 
  Barcode: 034079
ห้องสมุดวิทยาเขตสวรรค์ประชารักษ์
►หนังสือทั่วไป
บนชั้น

รายการใกล้เคียง
    ผู้แต่ง [ปัทมาพร คำโท]

    หัวเรื่อง [ประชาคมอาเซียน]
    หัวเรื่อง [อาเซียน]
    หัวเรื่อง [ลาว]

BibComment


ยังไม่เคยถูกคอมเมนท์

คอมเมนท์ทรัพยากรรายการนี้
  คอมเมนท์: เราคืออาเซียนลาว..


 Copyright 2026. Bcnsprnw @Library